| 000 -LEADER | |
|---|---|
| fixed length control field | 01021cam a2200289 a 4500 |
| 001 - CONTROL NUMBER | |
| control field | 16455599 |
| 003 - CONTROL NUMBER IDENTIFIER | |
| control field | OSt |
| 005 - DATE AND TIME OF LATEST TRANSACTION | |
| control field | 20250420134821.0 |
| 008 - FIXED-LENGTH DATA ELEMENTS--GENERAL INFORMATION | |
| fixed length control field | 100913s2010 enkab 001 0 eng |
| 010 ## - LIBRARY OF CONGRESS CONTROL NUMBER | |
| LC control number | 2010502312 |
| 020 ## - INTERNATIONAL STANDARD BOOK NUMBER | |
| International Standard Book Number | 9780521123679 (pbk. : student's bk. with ans.) |
| 040 ## - CATALOGING SOURCE | |
| Original cataloging agency | DLC |
| Transcribing agency | KCST |
| 050 00 - LIBRARY OF CONGRESS CALL NUMBER | |
| Classification number | PE1449 |
| Item number | .M393 2010 |
| 082 00 - DEWEY DECIMAL CLASSIFICATION NUMBER | |
| Classification number | 428.1 |
| Edition information | 22 |
| Item number | Mc Ba |
| 100 1# - MAIN ENTRY--PERSONAL NAME | |
| Personal name | McCarthy, Michael, |
| Dates associated with a name | 1947- |
| 9 (RLIN) | 5303 |
| 245 10 - TITLE STATEMENT | |
| Title | Basic vocabulary in use : |
| Remainder of title | with answers : 60 units of vocabulary practice in North American English / |
| Statement of responsibility, etc. | Michael McCarthy, Felicity O'Dell, with Randi Reppen. |
| 250 ## - EDITION STATEMENT | |
| Edition statement | 2nd ed. |
| 260 ## - PUBLICATION, DISTRIBUTION, ETC. | |
| Place of publication, distribution, etc. | Cambridge ; |
| -- | New York : |
| Name of publisher, distributor, etc. | Cambridge University Press, |
| Date of publication, distribution, etc. | c2010. |
| 300 ## - PHYSICAL DESCRIPTION | |
| Extent | ix, 168 p. : |
| Other physical details | col. ill., map ; |
| Dimensions | 26 cm. |
| 500 ## - GENERAL NOTE | |
| General note | Includes index. |
| 650 #0 - SUBJECT ADDED ENTRY--TOPICAL TERM | |
| Topical term or geographic name entry element | Vocabulary |
| Form subdivision | Problems, exercises, etc. |
| 9 (RLIN) | 5304 |
| 650 #0 - SUBJECT ADDED ENTRY--TOPICAL TERM | |
| Topical term or geographic name entry element | English language |
| Form subdivision | Textbooks for foreign speakers. |
| 9 (RLIN) | 4734 |
| 700 1# - ADDED ENTRY--PERSONAL NAME | |
| Personal name | O'Dell, Felicity, |
| Dates associated with a name | 1947- |
| 9 (RLIN) | 5305 |
| 700 1# - ADDED ENTRY--PERSONAL NAME | |
| Personal name | Reppen, Randi. |
| 9 (RLIN) | 5306 |
| 942 ## - ADDED ENTRY ELEMENTS (KOHA) | |
| Koha item type | Book |
| 942 ## - ADDED ENTRY ELEMENTS (KOHA) | |
| Source of classification or shelving scheme | Dewey Decimal Classification |
| Withdrawn status | Lost status | Source of classification or shelving scheme | Damaged status | Not for loan | Home library | Current library | Date acquired | Cost, normal purchase price | Total checkouts | Full call number | Barcode | Date last seen | Date last checked out | Cost, replacement price | Price effective from | Koha item type |
|---|---|---|---|---|---|---|---|---|---|---|---|---|---|---|---|---|
| Dewey Decimal Classification | KCST Library | KCST Library | 09/11/2021 | 8.00 | 1 | 428.1 Mc Ba | 1000000937 | 06/08/2024 | 10/12/2023 | 8.00 | 09/11/2021 | Book | ||||
| Dewey Decimal Classification | KCST Library | KCST Library | 09/11/2021 | 8.00 | 428.1 Mc Ba | 1000000938 | 09/11/2021 | 8.00 | 09/11/2021 | Book | ||||||
| Dewey Decimal Classification | KCST Library | KCST Library | 09/11/2021 | 8.00 | 428.1 Mc Ba | 1000000939 | 09/11/2021 | 8.00 | 09/11/2021 | Book |